000 00875nam a2200217Ia 4500
005 20251020182509.0
008 200515s9999 xx 000 0 und d
082 _a634.086/O65
110 _aOrganización Internacional de las Maderas Tropicales. Dirección General Forestal y de Fauna. Cámara Nacional Forestal del Perú
245 0 _aUtilización industrial de nuevas especies forestales en el Perú - Fase I : Fichas técnicas de especies forestales
260 _aLima
260 _bOrganización Internacional de las Maderas Tropicales. Dirección General Forestal y de Fauna. Cámara Nacional Forestal del Perú
260 _c1991
300 _a59 p.
300 _btbl.
490 _aForum : Oportunidades de Desarrollo de la Madera como Material de Construcción en el Perú
500 _a1 ejemplar
650 _aMADERA
942 _cLIB
999 _c1380
_d1380